| 000 | 00839nam a2200289Ia 4500 | ||
|---|---|---|---|
| 001 | Z_4979 | ||
| 003 | CHAP | ||
| 008 | 220113s1994 xx 000 0 und d | ||
| 010 | _a168034 | ||
| 040 | _cCHAP | ||
| 090 | _aFolleto 658 | ||
| 100 |
_aMendoza Martínez, Germán David _974686 |
||
| 245 |
_aProcesos de producción de leche / _cpor Germán David Mendoza Martínez y Raúl Ricalde Velasco |
||
| 260 |
_aMéxico, D. F. : _bUniversidad Autónoma Metropolitana. Unidad Xochimilco, _c1994 |
||
| 300 | _a87 p. | ||
| 440 |
_aLibros de texto _9142292 |
||
| 500 | _a | ||
| 503 | _aC/E | ||
| 650 |
_aGanado lechero _xNutrición I. Ricalde Velasco, Raúl _9142293 |
||
| 650 |
_aGanado lechero _xProducción _945288 |
||
| 901 | _aFolleto 658 | ||
| 902 | _aA | ||
| 910 | _a1994 | ||
| 942 | _cc14 | ||
| 942 | _cc14 | ||
| 999 |
_c168034 _d168034 |
||